| 000 | 00829nam a2200253 a 4500 | ||
|---|---|---|---|
| 005 | 20250903063923.0 | ||
| 008 | 991125m19912015mx 000 0 spa u | ||
| 020 | _a9688531952 | ||
| 035 | _aUPN01000049709 | ||
| 040 |
_aUPN _bspa _cUPN |
||
| 049 | _aCG | ||
| 050 | 4 |
_aLB1570 _bC6.6 |
|
| 100 | 1 |
_aColl, César, _d1950- _930885 |
|
| 245 | 1 | 0 |
_aPsicología y currículum : _buna aproximación psicopedagógica a la elaboración del currículum escolar / _cCésar Coll. |
| 260 |
_aMéxico : _bPaidós, _c1991 (2015 impr.). |
||
| 300 | _a174 p. | ||
| 440 | 0 |
_aCuadernos de pedagogía ; _v4 |
|
| 590 | _aTambién localizas un ejemplar en el "Area de Reserva" | ||
| 590 | _aBibliografía Básica (BGTQ) | ||
| 650 | 4 |
_aDiseño curricular _96719 |
|
| 650 | 4 |
_aPsicología educativa _95197 |
|
| 905 | _aLibro | ||
| 942 |
_2lcc _cLIBRO |
||
| 999 |
_c49709 _d49709 |
||